<?xml version="1.0" encoding="UTF-8"?>
<record
    xmlns:xsi="http://www.w3.org/2001/XMLSchema-instance"
    xsi:schemaLocation="http://www.loc.gov/MARC21/slim http://www.loc.gov/standards/marcxml/schema/MARC21slim.xsd"
    xmlns="http://www.loc.gov/MARC21/slim">

  <leader>01411    a2200193   4500</leader>
  <controlfield tag="003">Nust</controlfield>
  <controlfield tag="005">20221128123651.0</controlfield>
  <datafield tag="010" ind1=" " ind2=" ">
    <subfield code="a">   77028180</subfield>
  </datafield>
  <datafield tag="020" ind1=" " ind2=" ">
    <subfield code="a">0023894601</subfield>
  </datafield>
  <datafield tag="040" ind1=" " ind2=" ">
    <subfield code="c">Nust</subfield>
  </datafield>
  <datafield tag="082" ind1="0" ind2="0">
    <subfield code="a">530,ORE</subfield>
  </datafield>
  <datafield tag="100" ind1="1" ind2=" ">
    <subfield code="a">Orear, Jay.</subfield>
    <subfield code="9">103672</subfield>
  </datafield>
  <datafield tag="245" ind1="1" ind2="0">
    <subfield code="a">Physics / </subfield>
    <subfield code="c">Jay Orear.</subfield>
  </datafield>
  <datafield tag="260" ind1=" " ind2=" ">
    <subfield code="a">New York :</subfield>
    <subfield code="b">Macmillan,</subfield>
    <subfield code="c">c1979.</subfield>
  </datafield>
  <datafield tag="300" ind1=" " ind2=" ">
    <subfield code="a">xvi, 752 p. :</subfield>
    <subfield code="b">ill. ;</subfield>
    <subfield code="c">24 cm.</subfield>
  </datafield>
  <datafield tag="505" ind1=" " ind2=" ">
    <subfield code="a">Introduction (Page-1), One-Dimensional Motion (Page-22), Tow- Dimensional Motion (Page-38), Dynamics (Page-55) Gravitation (Page-79) Work and Energy (Page-97) Conservation of Energy (Page-115), Relativistic Kinematics (Page-144), Relativistic Dynamics (Page-169), Rotational Motion (Page-190), Oscillatory Motion (Page-215), Kinetic Theory (Page-234), Thermodynamics (Page-253), Second Law of Thermodynamics (Page-270), Electrostatic Force (Page-290), Electrostatics (Page-308), Current and Magnetic Force (Page-335), Magnetic Fields (Page-365), Electromagnetic Induction (Page-384), Electromagnetic Radiation and Waves (Page-417), Interaction of Radiation with Matter (Page-422), Wave Interference (Page-473), Optics (Page-496), The Wave Nature of Matter (Page-525), Quantum Mechanics (Page-541), The Hydrogen Atom (Page-564), Atomic Physics (Page-590), Condensed Matter (Page-608), Nuclear Physics (Page-642), Astrophysics (Page-677), Particle Physics (Page-698).</subfield>
  </datafield>
  <datafield tag="650" ind1=" " ind2="0">
    <subfield code="a">Physics.</subfield>
  </datafield>
  <datafield tag="942" ind1=" " ind2=" ">
    <subfield code="2">ddc</subfield>
    <subfield code="c">BK</subfield>
    <subfield code="k">530,ORE</subfield>
  </datafield>
  <datafield tag="999" ind1=" " ind2=" ">
    <subfield code="c">180888</subfield>
    <subfield code="d">180888</subfield>
  </datafield>
  <datafield tag="952" ind1=" " ind2=" ">
    <subfield code="0">0</subfield>
    <subfield code="1">0</subfield>
    <subfield code="2">ddc</subfield>
    <subfield code="4">0</subfield>
    <subfield code="7">0</subfield>
    <subfield code="a">MCS</subfield>
    <subfield code="b">MCS</subfield>
    <subfield code="c">GEN</subfield>
    <subfield code="d">2016-12-12</subfield>
    <subfield code="o">530,ORE</subfield>
    <subfield code="p">MCS5948</subfield>
    <subfield code="r">2016-12-08</subfield>
    <subfield code="w">2016-12-12</subfield>
    <subfield code="y">BK</subfield>
    <subfield code="z">Almirah No. 15 Shelf No. 4</subfield>
  </datafield>
</record>
